000 00480nam a2200157Ia 4500
008 240729s9999 xx 000 0 und d
022 _a1080-2711
245 0 _aJournal of Electronic Publishing
260 _aUnited States
260 _bMichigan Publishing
650 _a Information resources (General)
650 _aBibliography. Library science. Information resources
856 _uhttps://doaj.org/toc/427a29df9c1b4c93aa9e95a1aa161ddd
942 _2ddc
942 _cDOAJEJ
999 _c66709
_d66709
945 _a1
_bMadushi Gamage
_c1
_dMadushi Gamage